| 000 | 00455nam a2200181Ia 4500 | ||
|---|---|---|---|
| 008 | 240925s9999 xx 000 0 und d | ||
| 020 | _aNA | ||
| 082 | _a374.26 SHA | ||
| 100 | _aSham, Mahmood | ||
| 245 | 0 | _aAmerica Kya Soch Raha Hai? | |
| 250 | _aNA | ||
| 260 |
_aNew Delhi: _bBPB Publication _c,2010. |
||
| 300 |
_axvii, 574p. _b0 _fOriginal |
||
| 500 | _aIncludes Content | ||
| 600 | _aSocial Sciences | ||
| 650 | _aSocial Sciences | ||
| 942 | _cBK | ||
| 999 |
_c14344 _d14344 |
||